000 00401 a2200145 4500
001 176787
020 _a
040 _cMagnum
100 _aMurad, Jose Elias
240 1 0 _aO uso de drogas em uma cidade de porte medio do interior de mg
_lpor
245 1 0 _aO uso de drogas em uma cidade de porte medio do interior de mg
362 0 _a1899
697 _aMAGNITO: CIENCIAS MEDICAS SAUD
942 _cBK
999 _c176787
_d176787